[Event "Campeonato de España Abierto 2006"]
[Site "Leon ESP"]
[Date "2006.11.28"]
[Round "7.23"]
[White "Bazan Solera, Manuel"]
[Black "Vega Gutierrez, Belinda"]
[Result "0-1"]
[WhiteElo "2044"]
[BlackElo "2184"]
[PlyCount "64"]
[EventDate "2006.11.22"]
[EventType "swiss"]
[EventRounds "9"]
[EventCountry "ESP"]
[Source "lmi"]
[SourceDate "2006.11.22"]

1. d4 Nf6 2. c4 e6 3. Nc3 d5 4. Nf3 Be7 5. e3 O-O 6. Bd3 b6 7. O-O Bb7 8. cxd5
exd5 9. b3 Ne4 10. Bb2 Nd7 11. Qc2 Ndf6 12. Rac1 c5 13. Ne5 a6 14. f3 Nxc3 15.
Bxc3 Re8 16. Ng4 h6 17. Qb2 Nxg4 18. fxg4 Bg5 19. Bd2 Rxe3 20. h4 Rxd3 21. hxg5
Rxd4 22. gxh6 Rxg4 23. Rf4 Rg6 24. h7+ Kh8 25. Rxf7 d4 26. Bf4 Bxg2 27. Rxg7
Kxg7 28. Be5+ Kxh7 29. Qf2 Qe7 30. Qf4 Bc6+ 31. Kh2 Rh6+ 32. Kg3 Rg8+ 0-1

[Event "Campeonato de España Abierto 2006"]
[Site "Leon ESP"]
[Date "2006.11.28"]
[Round "7.26"]
[White "Garcia Gonzalez, Manuel"]
[Black "Martinez Perez, Jorge"]
[Result "0-1"]
[WhiteElo "2152"]
[BlackElo "2043"]
[PlyCount "102"]
[EventDate "2006.11.22"]
[EventType "swiss"]
[EventRounds "9"]
[EventCountry "ESP"]
[Source "lmi"]
[SourceDate "2006.11.22"]

1. d4 f5 2. g3 d6 3. Bg2 g6 4. Nh3 c6 5. O-O Bg7 6. c3 Nf6 7. Nd2 O-O 8. Nf4 e5
9. dxe5 dxe5 10. Qb3+ Kh8 11. Ne6 Bxe6 12. Qxe6 e4 13. Qb3 Qe7 14. Nc4 Nd5 15.
Ne3 Nb6 16. Nc2 Na6 17. Be3 Nd5 18. Bd4 f4 19. Bxg7+ Kxg7 20. Qc4 Rae8 21. Qd4+
Kg8 22. Qxa7 Nc5 23. c4 Ra8 24. Qxa8 Rxa8 25. cxd5 cxd5 26. Rfd1 Re8 27. gxf4
Qc7 28. Nd4 Qb6 29. b3 h5 30. Rac1 h4 31. Rxc5 Qxc5 32. e3 Rc8 33. Bh3 Rd8 34.
Bg4 Rd6 35. a4 Kf7 36. Kg2 Rf6 37. Rd2 Rc6 38. Bd7 Rc7 39. Be6+ Ke7 40. Rd1 Kf6
41. Kh3 Rh7 42. Rg1 Re7 43. Bg4 Rh7 44. Be6 Qa5 45. Rg5 Qe1 46. Kg2 Rc7 47.
Bxd5 Rc1 48. Bc4 Qg1+ 49. Kh3 Qxf2 50. Ne2 Rh1 51. Rg2 Qf3+ 0-1

[Event "Campeonato de España Abierto 2006"]
[Site "Leon ESP"]
[Date "2006.11.28"]
[Round "7.28"]
[White "Diaz Sanchez, Jose Fco"]
[Black "Gonzalez Diez, Ruben"]
[Result "1/2-1/2"]
[WhiteElo "1984"]
[BlackElo "2137"]
[PlyCount "102"]
[EventDate "2006.11.22"]
[EventType "swiss"]
[EventRounds "9"]
[EventCountry "ESP"]
[Source "lmi"]
[SourceDate "2006.11.22"]

1. e4 e6 2. d4 d5 3. exd5 exd5 4. Nf3 Bd6 5. c4 c6 6. Nc3 Ne7 7. cxd5 cxd5 8.
Qb3 Nbc6 9. Be2 O-O 10. O-O Bf5 11. Be3 Nb4 12. Rac1 Nd3 13. Rcd1 Nf4 14. Bxf4
Bxf4 15. Nh4 Be6 16. g3 Bg5 17. Nf3 Bf6 18. Rfe1 Qb6 19. Qxb6 axb6 20. a3 Nc6
21. Kg2 Rfd8 22. h3 h6 23. Nb5 Rac8 24. b4 Ra8 25. Rc1 Bf5 26. Red1 Be4 27. Bd3
Bxf3+ 28. Kxf3 Nxd4+ 29. Nxd4 Bxd4 30. Rc7 Rxa3 31. Rxb7 Rc8 32. Kg2 Be5 33.
Rxb6 Bb8 34. Bf5 Rf8 35. Rxd5 Ra2 36. Rc6 g6 37. Rc2 Ra4 38. Bg4 Rxb4 39. Rdc5
Ba7 40. Rc8 Bb6 41. Rxf8+ Kxf8 42. Bf3 Kg7 43. Ra2 h5 44. h4 Kh6 45. Rd2 f5 46.
Re2 f4 47. g4 hxg4 48. Bxg4 Bd8 49. h5 gxh5 50. Re6+ Kg5 51. Bf3 Bf6 1/2-1/2

[Event "Campeonato de España Abierto 2006"]
[Site "Leon ESP"]
[Date "2006.11.28"]
[Round "7.31"]
[White "Garcia Prieto, Pablo"]
[Black "Jimenez De La Torre, Jose Anton"]
[Result "1/2-1/2"]
[WhiteElo "1954"]
[BlackElo "2162"]
[PlyCount "92"]
[EventDate "2006.11.22"]
[EventType "swiss"]
[EventRounds "9"]
[EventCountry "ESP"]
[Source "lmi"]
[SourceDate "2006.11.22"]

1. e4 e5 2. Nf3 Nf6 3. Nxe5 Nxe4 4. Qe2 Qe7 5. Qxe4 d6 6. d4 dxe5 7. dxe5 Nc6
8. Bb5 Bd7 9. Nc3 O-O-O 10. Bf4 f6 11. O-O-O fxe5 12. Bxc6 Bxc6 13. Qf5+ Bd7
14. Qxe5 Qxe5 15. Bxe5 Bc5 16. f3 Rhg8 17. Rhe1 Rde8 18. Bg3 Bb4 19. Rxe8+ Rxe8
20. Ne4 Bf5 21. Rd4 Bf8 22. Rc4 c6 23. Rd4 c5 24. Nd6+ Bxd6 25. Rxd6 Re2 26.
Rd2 Rxd2 27. Kxd2 Kd7 28. c3 Kc6 29. Ke3 Kd5 30. Bb8 a6 31. b3 b5 32. Ba7 Bb1
33. a3 a5 34. h4 Bc2 35. b4 cxb4 36. cxb4 a4 37. Kd2 Bb1 38. Kc3 h5 39. g4 hxg4
40. fxg4 Ke4 41. Bd4 Kf4 42. Bxg7 Kxg4 43. Bf6 Ba2 44. Kd4 Bc4 45. Ke5 Kh5 46.
Bg5 Bf1 1/2-1/2

[Event "Campeonato de España Abierto 2006"]
[Site "Leon ESP"]
[Date "2006.11.28"]
[Round "7.33"]
[White "Suriol Peinado, Alberto"]
[Black "Cantalapiedra Vega, Francisco"]
[Result "0-1"]
[WhiteElo "2089"]
[BlackElo "1928"]
[PlyCount "130"]
[EventDate "2006.11.22"]
[EventType "swiss"]
[EventRounds "9"]
[EventCountry "ESP"]
[Source "lmi"]
[SourceDate "2006.11.22"]

1. d4 Nf6 2. c4 g6 3. Nc3 Bg7 4. e4 d6 5. f3 O-O 6. Bg5 c6 7. Qd2 Nbd7 8. Bd3
a6 9. a4 e5 10. d5 Nc5 11. Bc2 Qb6 12. Rb1 cxd5 13. cxd5 Nb3 14. Qd3 Nd4 15.
Bd1 h6 16. Be3 Ne8 17. Nge2 f5 18. O-O fxe4 19. fxe4 Rxf1+ 20. Kxf1 Bd7 21. b4
Nc7 22. Na2 Kh7 23. Rc1 Rf8+ 24. Kg1 Ne8 25. Rc4 Nxe2+ 26. Bxe2 Qd8 27. Qd1 h5
28. Rc1 Nf6 29. Nc3 Ng4 30. Bxg4 Bxg4 31. Qd2 Bd7 32. a5 Qe7 33. Rf1 Rxf1+ 34.
Kxf1 Qf8+ 35. Kg1 Qc8 36. Qd3 Bf6 37. Bd2 Qd8 38. Qe3 Bg7 39. Qg3 Qc8 40. Qd3
Qd8 41. Qg3 b6 42. Ne2 bxa5 43. bxa5 Bb5 44. Qe3 Qc7 45. h4 Qc4 46. Ng3 Ba4 47.
Kh2 Bc2 48. Bc1 Qd4 49. Qxd4 exd4 50. Bd2 Be5 51. Kh3 Bd1 52. Kh2 Kg7 53. Bg5
Kf7 54. Kh3 Bg4+ 55. Kh2 d3 56. Bd2 Ke8 57. Be3 Bc3 58. Nf1 Bxa5 59. Nd2 Bc3
60. Kg1 a5 61. Nb1 Bb4 62. Kf2 a4 63. Bd2 a3 64. Bxb4 a2 65. Nc3 a1=Q 0-1

[Event "Campeonato de España Abierto 2006"]
[Site "Leon ESP"]
[Date "2006.11.29"]
[Round "8.1"]
[White "Moreno Ruiz, Javier"]
[Black "Andres Gonzalez, Alberto"]
[Result "1-0"]
[WhiteElo "2470"]
[BlackElo "2426"]
[PlyCount "65"]
[EventDate "2006.11.22"]
[EventType "swiss"]
[EventRounds "9"]
[EventCountry "ESP"]
[Source "lmi"]
[SourceDate "2006.11.22"]

1. d4 Nf6 2. c4 e6 3. Nc3 Bb4 4. e3 O-O 5. Bd3 d5 6. cxd5 exd5 7. Nge2 c5 8. a3
Bxc3+ 9. bxc3 b6 10. O-O Ba6 11. Bxa6 Nxa6 12. f3 Nb8 13. Ng3 Nc6 14. Bb2 Re8
15. Qd3 Na5 16. Rae1 Qc7 17. e4 cxd4 18. cxd4 Qc4 19. Qd1 Qb5 20. Rf2 Nc4 21.
Bc1 Qb1 22. e5 Nd7 23. f4 Rac8 24. Rff1 f6 25. Qg4 Rc7 26. Nf5 g6 27. Nh6+ Kg7
28. f5 Ndxe5 29. dxe5 Rxe5 30. fxg6 hxg6 31. Bd2 Rxe1 32. Rxe1 Ne5 33. Qe6 1-0

[Event "Campeonato de España Abierto 2006"]
[Site "Leon ESP"]
[Date "2006.11.29"]
[Round "8.2"]
[White "Vega Gutierrez, Sabrina"]
[Black "Bellon Lopez, Juan Manuel"]
[Result "1-0"]
[WhiteElo "2299"]
[BlackElo "2438"]
[PlyCount "105"]
[EventDate "2006.11.22"]
[EventType "swiss"]
[EventRounds "9"]
[EventCountry "ESP"]
[Source "lmi"]
[SourceDate "2006.11.22"]

1. e4 c5 2. Nf3 e6 3. Nc3 a6 4. d4 cxd4 5. Nxd4 Qc7 6. f4 Nc6 7. Be3 b5 8. Bd3
Bb7 9. Qf3 Na5 10. O-O-O Nf6 11. g4 Nc4 12. Bxc4 Qxc4 13. g5 b4 14. gxf6 bxc3
15. fxg7 Bxg7 16. b3 Qb4 17. Kb1 Bf6 18. Rhg1 Rc8 19. Qe2 Bxe4 20. f5 e5 21.
Qxa6 Ke7 22. Qxf6+ Kxf6 23. Bg5+ Kg7 24. Be7+ Kh6 25. Bxb4 exd4 26. Rxd4 d5 27.
Rg3 Rhg8 28. Rxg8 Rxg8 29. Bxc3 Kg5 30. a4 Kxf5 31. Kb2 Ke6 32. b4 f5 33. Rd2
f4 34. Bd4 f3 35. b5 Rc8 36. Kb3 Kd6 37. c3 Bf5 38. Rf2 Bg4 39. a5 Rb8 40. Kb4
Bd7 41. b6 Bg4 42. a6 Kc6 43. b7 Re8 44. Ba7 Kc7 45. b8=Q+ Rxb8+ 46. Bxb8+ Kxb8
47. Kc5 Ka7 48. Kxd5 Kxa6 49. c4 Kb7 50. Kd6 Kc8 51. c5 Kb7 52. c6+ Ka7 53. Kc7
1-0

[Event "Campeonato de España Abierto 2006"]
[Site "Leon ESP"]
[Date "2006.11.29"]
[Round "8.5"]
[White "De La Villa Garcia, Jesus Maria"]
[Black "Recuero Guerra, David"]
[Result "1/2-1/2"]
[WhiteElo "2460"]
[BlackElo "2350"]
[PlyCount "39"]
[EventDate "2006.11.22"]
[EventType "swiss"]
[EventRounds "9"]
[EventCountry "ESP"]
[Source "lmi"]
[SourceDate "2006.11.22"]

1. e4 e6 2. d4 d5 3. Nc3 dxe4 4. Nxe4 Nd7 5. Nf3 Ngf6 6. Bg5 Be7 7. Nxf6+ Nxf6
8. c3 O-O 9. Bd3 h6 10. Bxf6 Bxf6 11. O-O Qd6 12. Qe2 Rb8 13. Nd2 b6 14. Ne4
Qe7 15. Rfe1 Bb7 16. Nxf6+ Qxf6 17. Be4 Bxe4 18. Qxe4 c5 19. Rad1 cxd4 20. Qxd4
1/2-1/2

[Event "Campeonato de España Abierto 2006"]
[Site "Leon ESP"]
[Date "2006.11.29"]
[Round "8.6"]
[White "Argandoña Riveiro, Iñigo"]
[Black "Alsina Leal, Daniel"]
[Result "1/2-1/2"]
[WhiteElo "2396"]
[BlackElo "2430"]
[PlyCount "88"]
[EventDate "2006.11.22"]
[EventType "swiss"]
[EventRounds "9"]
[EventCountry "ESP"]
[Source "lmi"]
[SourceDate "2006.11.22"]

1. d4 d5 2. Nf3 Nf6 3. c4 c6 4. Nc3 e6 5. Bg5 h6 6. Bxf6 Qxf6 7. e3 Nd7 8. cxd5
exd5 9. Bd3 Qd8 10. O-O Be7 11. Rb1 O-O 12. b4 a6 13. a4 Nf6 14. Qc2 Re8 15.
Rfc1 Bg4 16. Ne5 Bd6 17. Nxg4 Nxg4 18. h3 Nf6 19. Be2 Rc8 20. Bf3 Qe7 21. Qb3
b5 22. axb5 axb5 23. Rc2 Ra8 24. Ra2 Rxa2 25. Nxa2 Qb7 26. Nc3 Ra8 27. e4 dxe4
28. Nxe4 Nxe4 29. Bxe4 Ra4 30. Qc3 Qb6 31. Qxc6 Qxd4 32. Bd5 Rxb4 33. Re1 Qf6
34. Bxf7+ Qxf7 35. Qxd6 Rb2 36. Qd4 Ra2 37. Rc1 Ra8 38. Qe5 Rf8 39. f3 b4 40.
Rc7 Qg6 41. Rb7 Rxf3 42. Qd5+ Rf7 43. Rxb4 Qf5 44. Qxf5 Rxf5 1/2-1/2

[Event "Campeonato de España Abierto 2006"]
[Site "Leon ESP"]
[Date "2006.11.29"]
[Round "8.8"]
[White "Fernandez Romero, Ernesto"]
[Black "Liñan Baena, Jeronimo"]
[Result "1-0"]
[WhiteElo "2442"]
[BlackElo "2177"]
[PlyCount "43"]
[EventDate "2006.11.22"]
[EventType "swiss"]
[EventRounds "9"]
[EventCountry "ESP"]
[Source "lmi"]
[SourceDate "2006.11.22"]

1. e4 e6 2. Nf3 d5 3. Nc3 Nf6 4. e5 Nfd7 5. d4 c5 6. dxc5 Nc6 7. Bf4 Bxc5 8.
Bd3 f6 9. exf6 Nxf6 10. Qe2 O-O 11. O-O-O Bd7 12. h4 Qa5 13. Kb1 a6 14. Ne5
Nxe5 15. Bxe5 b5 16. g4 Be8 17. Bxf6 Rxf6 18. Ne4 dxe4 19. Qxe4 Rd8 20. Qxh7+
Kf8 21. Qh8+ Kf7 22. Qh5+ 1-0

[Event "Campeonato de España Abierto 2006"]
[Site "Leon ESP"]
[Date "2006.11.29"]
[Round "8.9"]
[White "Casares Cabanas, Carlos"]
[Black "Lacasa Diaz, Jose A"]
[Result "0-1"]
[WhiteElo "2239"]
[BlackElo "2410"]
[PlyCount "92"]
[EventDate "2006.11.22"]
[EventType "swiss"]
[EventRounds "9"]
[EventCountry "ESP"]
[Source "lmi"]
[SourceDate "2006.11.22"]

1. e4 c5 2. Nf3 d6 3. d4 cxd4 4. Nxd4 Nf6 5. Nc3 e6 6. Bc4 Be7 7. Bb3 O-O 8.
Be3 Na6 9. f4 Nc5 10. Qf3 a5 11. O-O-O a4 12. Bc4 a3 13. b3 Ncxe4 14. Nxe4 Nxe4
15. Qxe4 d5 16. Bxd5 exd5 17. Qf3 Re8 18. g4 Bc5 19. Rhe1 Re4 20. Bf2 Qe7 21.
Rxe4 dxe4 22. Qe2 Bd7 23. Be3 Rc8 24. Kb1 b5 25. c3 Bd6 26. Rc1 Qh4 27. Nxb5
Bxg4 28. Qd2 Bf8 29. Nd4 Rd8 30. Qf2 Qh5 31. f5 Bc5 32. Rg1 Bxd4 33. Bxd4 e3
34. Bxe3 Bxf5+ 35. Kc1 Bg6 36. Bd4 h6 37. Re1 Rd5 38. c4 Rd8 39. Bc5 Qg5+ 40.
Be3 Qg4 41. Bd2 Kh7 42. Bb4 Qg5+ 43. Re3 Rd4 44. Bd2 Rf4 45. Qe2 Qf5 46. Bc3
Rf1+ 0-1

[Event "Campeonato de España Abierto 2006"]
[Site "Leon ESP"]
[Date "2006.11.29"]
[Round "8.10"]
[White "Cabezas Ayala, Ivan"]
[Black "Gonzalez Valero, Julio"]
[Result "1/2-1/2"]
[WhiteElo "2328"]
[BlackElo "2287"]
[PlyCount "94"]
[EventDate "2006.11.22"]
[EventType "swiss"]
[EventRounds "9"]
[EventCountry "ESP"]
[Source "lmi"]
[SourceDate "2006.11.22"]

1. e4 c5 2. Nf3 Nc6 3. d4 cxd4 4. Nxd4 g6 5. Nc3 Bg7 6. Nb3 Nf6 7. Be2 a5 8. a4
O-O 9. Bg5 Nb4 10. O-O h6 11. Bh4 g5 12. Bg3 d5 13. exd5 Nfxd5 14. Nxd5 Nxd5
15. Bf3 Nf4 16. Qxd8 Rxd8 17. Bxf4 gxf4 18. c3 Bf5 19. Bxb7 Rab8 20. Nxa5 Rd2
21. Bf3 Bd3 22. Rfd1 Rbxb2 23. Nc6 Bxc3 24. Nxe7+ Kf8 25. Nc6 Ba6 26. Rxd2 Rxd2
27. Ra3 Rc2 28. h3 Be1 29. Ra1 Bxf2+ 30. Kh1 Rb2 31. Rd1 Bb7 32. Ne5 Bxf3 33.
Nxf3 Ra2 34. Ne5 h5 35. Nf3 Rxa4 36. Rf1 Be3 37. Rb1 Ra5 38. Kh2 Kg7 39. Kh1
Kf6 40. Kh2 Bf2 41. Rf1 Ra2 42. Kh1 Kf5 43. Rb1 f6 44. Kh2 Ke4 45. Kh1 Kd3 46.
Kh2 Ra3 47. Kh1 Ke4 1/2-1/2

[Event "Campeonato de España Abierto 2006"]
[Site "Leon ESP"]
[Date "2006.11.29"]
[Round "8.12"]
[White "Fernandez Siles, Luis"]
[Black "Garcia Moral Garcia, Jose Daniel"]
[Result "0-1"]
[WhiteElo "2298"]
[BlackElo "2222"]
[PlyCount "64"]
[EventDate "2006.11.22"]
[EventType "swiss"]
[EventRounds "9"]
[EventCountry "ESP"]
[Source "lmi"]
[SourceDate "2006.11.22"]

1. e4 c5 2. Nf3 e6 3. c3 d5 4. exd5 exd5 5. d4 Bd6 6. Be3 c4 7. b3 cxb3 8. axb3
Ne7 9. Bd3 O-O 10. O-O Nbc6 11. Nh4 Ng6 12. Nf5 Bxf5 13. Bxf5 Qc7 14. g3 Nce7
15. Bd3 f5 16. f4 Rfd8 17. c4 Bb4 18. Ra2 Nf8 19. Nd2 Bxd2 20. Qxd2 Nd7 21. Qc2
Re8 22. Bc1 Nf6 23. Qd1 Qd7 24. Rg2 dxc4 25. Bxc4+ Ned5 26. Re1 Re4 27. Rxe4
Nxe4 28. g4 b5 29. Bd3 Ndc3 30. Qf3 Qxd4+ 31. Kh1 fxg4 32. Rxg4 Qxd3 0-1

[Event "Campeonato de España Abierto 2006"]
[Site "Leon ESP"]
[Date "2006.11.29"]
[Round "8.13"]
[White "Rodriguez Perez, Jose Javier"]
[Black "Almagro Llamas, Pablo"]
[Result "0-1"]
[WhiteElo "2133"]
[BlackElo "2404"]
[PlyCount "110"]
[EventDate "2006.11.22"]
[EventType "swiss"]
[EventRounds "9"]
[EventCountry "ESP"]
[Source "lmi"]
[SourceDate "2006.11.22"]

1. e4 c6 2. d4 d5 3. e5 Bf5 4. Nf3 e6 5. Be2 c5 6. c3 Nc6 7. O-O cxd4 8. cxd4
Nge7 9. Nc3 Bg4 10. Be3 Nf5 11. h3 Bxf3 12. Bxf3 Be7 13. Qd3 Nxe3 14. Qxe3 O-O
15. Rad1 Qb6 16. b3 Rac8 17. Na4 Qa5 18. Rc1 Qb4 19. Rfd1 Nxd4 20. Bg4 Nc6 21.
Qe2 Bg5 22. Rb1 Bf4 23. Nb2 Bxe5 24. Nd3 Qd6 25. b4 Bf6 26. Nc5 Nd4 27. Qe3 b6
28. Na4 Rc4 29. a3 Rfc8 30. Rbc1 Rxc1 31. Rxc1 Rxc1+ 32. Qxc1 Qc6 33. Qxc6 Nxc6
34. Kf1 Bd4 35. Be2 Kf8 36. Bb5 Nb8 37. Ke2 Ke7 38. f3 Kd6 39. Kd3 e5 40. f4 f6
41. fxe5+ fxe5 42. Nc3 Bxc3 43. Kxc3 Nc6 44. Ba4 Nd4 45. Bd1 a6 46. h4 h6 47.
Bg4 Nb5+ 48. Kb2 e4 49. a4 Nc7 50. Kc3 a5 51. bxa5 bxa5 52. Bd1 Kc5 53. g4 g5
54. hxg5 hxg5 55. Be2 d4+ 0-1

[Event "Campeonato de España Abierto 2006"]
[Site "Leon ESP"]
[Date "2006.11.29"]
[Round "8.14"]
[White "Rodriguez Rodriguez, Antonio"]
[Black "Perez Aleman, Pedro Tomas"]
[Result "1-0"]
[WhiteElo "2297"]
[BlackElo "2180"]
[PlyCount "103"]
[EventDate "2006.11.22"]
[EventType "swiss"]
[EventRounds "9"]
[EventCountry "ESP"]
[Source "lmi"]
[SourceDate "2006.11.22"]

1. e4 c5 2. b3 e6 3. Bb2 Nc6 4. Nf3 Nf6 5. e5 Nd5 6. Bb5 Qc7 7. O-O b6 8. d4
cxd4 9. Bxc6 dxc6 10. Qxd4 Bb7 11. c4 Nb4 12. Qd1 Rd8 13. Qe2 Be7 14. Nbd2 c5
15. Ne4 Qc6 16. Nc3 Rd4 17. Rad1 Rg4 18. h3 Rg6 19. Kh2 a6 20. a3 Nc2 21. Nd5
Nd4 22. Rxd4 cxd4 23. Nxd4 Qc8 24. Nf4 Rh6 25. Nh5 Bc5 26. f4 Bxd4 27. Bxd4 Qc6
28. Rf2 O-O 29. f5 exf5 30. Rxf5 Rg6 31. Nf4 Rh6 32. Nd5 Qe6 33. Qf3 Rd8 34.
Bxb6 Bxd5 35. cxd5 Qxb6 36. Rxf7 Qb8 37. d6 Rf8 38. Rxf8+ Qxf8 39. Qd5+ Qf7 40.
Qa8+ Qf8 41. Qd5+ Kh8 42. d7 Qd8 43. e6 Rf6 44. Qd6 Rxe6 45. Qxe6 Qc7+ 46. Kg1
Qc1+ 47. Kf2 Qd2+ 48. Kg3 Qg5+ 49. Qg4 Qe3+ 50. Qf3 Qg5+ 51. Kh2 Qe5+ 52. Qg3
1-0

[Event "Campeonato de España Abierto 2006"]
[Site "Leon ESP"]
[Date "2006.11.29"]
[Round "8.15"]
[White "Gonzalez Galvan, Juan Manuel"]
[Black "Sahelices Casado, Roberto"]
[Result "1-0"]
[WhiteElo "2283"]
[BlackElo "2134"]
[PlyCount "52"]
[EventDate "2006.11.22"]
[EventType "swiss"]
[EventRounds "9"]
[EventCountry "ESP"]
[Source "lmi"]
[SourceDate "2006.11.22"]

1. e4 c6 2. Nc3 d5 3. Qf3 Nf6 4. e5 Nfd7 5. d4 e6 6. Qg3 c5 7. dxc5 Nxc5 8. Be3
Qa5 9. Bb5+ Bd7 10. Bxc5 Bxb5 11. Bxf8 Kxf8 12. Qe3 Nd7 13. Nf3 h6 14. O-O-O
Ke7 15. Nd4 Bc4 16. f4 Rhc8 17. f5 Bxa2 18. Qg3 Rxc3 19. bxc3 Rc8 20. fxe6 Nc5
21. Qxg7 Qa3+ 22. Kd2 Ne4+ 23. Ke3 Ng5 24. exf7 Rf8 25. Qf6+ Kd7 26. e6+ Kc8
1-0

[Event "Campeonato de España Abierto 2006"]
[Site "Leon ESP"]
[Date "2006.11.29"]
[Round "8.16"]
[White "Tattersall Rodriguez, Lester"]
[Black "Ruiz Maraña, Alejandro"]
[Result "1-0"]
[WhiteElo "2254"]
[BlackElo "2114"]
[PlyCount "105"]
[EventDate "2006.11.22"]
[EventType "swiss"]
[EventRounds "9"]
[EventCountry "ESP"]
[Source "lmi"]
[SourceDate "2006.11.22"]

1. Nf3 Nf6 2. g3 g6 3. Bg2 Bg7 4. O-O O-O 5. d3 d5 6. c3 c6 7. Qc2 Qc7 8. Bf4
Qb6 9. e4 Nbd7 10. e5 Ne8 11. Nbd2 Qd8 12. e6 fxe6 13. Rfe1 Ndf6 14. Ng5 Nh5
15. Be5 Bf6 16. f4 Nd6 17. d4 Ng7 18. g4 Qe8 19. Re3 b6 20. Rh3 Bxg5 21. fxg5
Ba6 22. Bf1 Bxf1 23. Rxf1 Rxf1+ 24. Kxf1 c5 25. Re3 cxd4 26. Bxd4 Nb5 27. Be5
Rc8 28. Nf3 Qc6 29. Nd4 Nxd4 30. Bxd4 Rf8+ 31. Kg1 Qc4 32. Qe2 Qxe2 33. Rxe2
Rf4 34. h3 Kf7 35. Bxg7 Kxg7 36. Rxe6 Kf7 37. Rc6 Ra4 38. a3 Rc4 39. Rxc4 dxc4
40. Kf2 Ke6 41. Ke3 Ke5 42. Kf3 b5 43. Ke3 Kd5 44. Kf4 e5+ 45. Kf3 e4+ 46. Kf4
a6 47. h4 a5 48. h5 b4 49. a4 b3 50. h6 e3 51. Kxe3 Ke5 52. Kf3 Ke6 53. Ke4 1-0

[Event "Campeonato de España Abierto 2006"]
[Site "Leon ESP"]
[Date "2006.11.29"]
[Round "8.18"]
[White "Trujillo Delgado, Dafnae"]
[Black "Veganzones Rojo, David"]
[Result "1/2-1/2"]
[WhiteElo "2206"]
[BlackElo "2097"]
[PlyCount "63"]
[EventDate "2006.11.22"]
[EventType "swiss"]
[EventRounds "9"]
[EventCountry "ESP"]
[Source "lmi"]
[SourceDate "2006.11.22"]

1. e4 c6 2. d4 d5 3. Nc3 dxe4 4. Nxe4 Nd7 5. Nf3 Ngf6 6. Nxf6+ Nxf6 7. c3 Bg4
8. Bc4 e6 9. O-O Be7 10. h3 Bh5 11. g4 Bg6 12. Ne5 Nd7 13. f4 Nxe5 14. fxe5 h5
15. Qb3 Qd7 16. g5 h4 17. Be2 Bf5 18. Rxf5 exf5 19. Bc4 Bd8 20. Bf4 Qe7 21. Kh1
b5 22. Bd3 g6 23. Re1 Bc7 24. a4 a6 25. Qa2 O-O 26. b3 Kg7 27. c4 Rfd8 28. Qa1
Kg8 29. Bf1 bxa4 30. bxa4 Rab8 31. Bg2 Rb3 32. d5 1/2-1/2

[Event "Campeonato de España Abierto 2006"]
[Site "Leon ESP"]
[Date "2006.11.29"]
[Round "8.19"]
[White "Marcos Pinto, Luis"]
[Black "Fernandez De Pablo, Miguel A"]
[Result "0-1"]
[WhiteElo "1987"]
[BlackElo "2200"]
[PlyCount "70"]
[EventDate "2006.11.22"]
[EventType "swiss"]
[EventRounds "9"]
[EventCountry "ESP"]
[Source "lmi"]
[SourceDate "2006.11.22"]

1. e4 c5 2. Nf3 Nc6 3. c3 d5 4. exd5 Qxd5 5. d4 e6 6. Be2 Nf6 7. O-O cxd4 8.
cxd4 Be7 9. Nc3 Qd6 10. Nb5 Qd8 11. Bf4 Nd5 12. Bg3 a6 13. Nc3 O-O 14. Rc1 Nxc3
15. bxc3 b5 16. a4 bxa4 17. Qxa4 Bd7 18. Qa2 a5 19. Ne5 Nxe5 20. Bxe5 Bc6 21.
Rfd1 Bd6 22. Bxd6 Qxd6 23. c4 Rfd8 24. f3 a4 25. Rb1 Rab8 26. Rxb8 Rxb8 27. h3
Qb4 28. d5 exd5 29. cxd5 Bd7 30. Ra1 g6 31. Bd1 Qd4+ 32. Kh2 Rb2 33. Qa3 Qf2
34. Bc2 Rxc2 35. Rg1 Qc5 0-1

[Event "Campeonato de España Abierto 2006"]
[Site "Leon ESP"]
[Date "2006.11.29"]
[Round "8.20"]
[White "Vega Gutierrez, Belinda"]
[Black "Coll Ortega, Jordi"]
[Result "1/2-1/2"]
[WhiteElo "2184"]
[BlackElo "1950"]
[PlyCount "161"]
[EventDate "2006.11.22"]
[EventType "swiss"]
[EventRounds "9"]
[EventCountry "ESP"]
[Source "lmi"]
[SourceDate "2006.11.22"]

1. e4 c5 2. Nf3 d6 3. d4 cxd4 4. Nxd4 Nf6 5. Nc3 a6 6. Be2 e5 7. Nb3 Be7 8. O-O
O-O 9. a4 Be6 10. Bf3 Nbd7 11. Re1 b6 12. Nd2 Rc8 13. Nf1 h6 14. Ne3 Nc5 15.
Ned5 Nxd5 16. Nxd5 Bxd5 17. Qxd5 Qd7 18. Be2 a5 19. Be3 Bg5 20. Bxg5 hxg5 21.
Bb5 Qe7 22. Rad1 Rfd8 23. Re3 g6 24. Re2 Ne6 25. Red2 Nd4 26. Bd3 Rc5 27. Qa2
Kg7 28. c3 Ne6 29. Bf1 g4 30. Qb3 Rc6 31. Bb5 Nc5 32. Qc2 Rc7 33. Rd5 Qh4 34.
g3 Qh3 35. Bf1 Qh5 36. Rxd6 Rh8 37. Bg2 Qxh2+ 38. Kf1 Ne6 39. Qe2 Qh5 40. f3
gxf3 41. Qxf3 Qxf3+ 42. Bxf3 Ng5 43. Bg2 Rc4 44. Rxb6 Nxe4 45. Re1 Nxg3+ 46.
Kf2 Nf5 47. Re4 Rh4 48. Rxc4 Rxc4 49. Rb5 Rxa4 50. Rxe5 Ra2 51. Re2 Ra4 52. Bd5
Rf4+ 53. Ke1 Nd6 54. Kd2 g5 55. Kd3 Kg6 56. c4 Nf5 57. Re1 g4 58. Ra1 Rf2 59.
Rxa5 g3 60. Ra1 Rxb2 61. Rg1 f6 62. c5 Rb8 63. Be4 Rd8+ 64. Ke2 Rc8 65. Rxg3+
Kf7 66. Bxf5 Rxc5 67. Bd3 Ke6 68. Rh3 Rg5 69. Ke3 Ke5 70. Be2 f5 71. Rh8 Rg3+
72. Bf3 Rg6 73. Ra8 Rb6 74. Ra5+ Kf6 75. Be2 Re6+ 76. Kf3 Re5 77. Ra4 Kg5 78.
Ra8 Re6 79. Bd3 Rd6 80. Rg8+ Rg6 81. Ra8 1/2-1/2

[Event "Campeonato de España Abierto 2006"]
[Site "Leon ESP"]
[Date "2006.11.29"]
[Round "8.21"]
[White "Martinez Perez, Jorge"]
[Black "Bayon Fernandez, Rogelio"]
[Result "1/2-1/2"]
[WhiteElo "2043"]
[BlackElo "2182"]
[PlyCount "84"]
[EventDate "2006.11.22"]
[EventType "swiss"]
[EventRounds "9"]
[EventCountry "ESP"]
[Source "lmi"]
[SourceDate "2006.11.22"]

1. Nf3 d5 2. b3 Bf5 3. Bb2 e6 4. e3 Nf6 5. Be2 Be7 6. O-O O-O 7. Ne5 c5 8. f4
h6 9. d3 Nbd7 10. Nd2 Nxe5 11. fxe5 Nd7 12. Bg4 Bg6 13. Nf3 Qb6 14. Kh1 f5 15.
exf6 Bxf6 16. Bxf6 Rxf6 17. Qe2 Raf8 18. c4 Qd6 19. cxd5 exd5 20. Bxd7 Qxd7 21.
Ne5 Rxf1+ 22. Rxf1 Rxf1+ 23. Qxf1 Qf5 24. Qxf5 Bxf5 25. g4 Be6 26. Kg2 Kf8 27.
Kf3 Ke7 28. d4 Kd6 29. Ke2 b5 30. a3 a5 31. h3 b4 32. axb4 axb4 33. Nd3 cxd4
34. exd4 h5 35. Kf3 Kc6 36. Nxb4+ Kb5 37. Nd3 hxg4+ 38. hxg4 g5 39. Kg3 Ka5 40.
Ne5 Kb4 41. Nf3 Kc3 42. Nxg5 Bxg4 1/2-1/2

[Event "Campeonato de España Abierto 2006"]
[Site "Leon ESP"]
[Date "2006.11.29"]
[Round "8.22"]
[White "Varela Mourin, Jesus"]
[Black "Varasa Paredes, Javier"]
[Result "1/2-1/2"]
[WhiteElo "2182"]
[BlackElo "1949"]
[PlyCount "94"]
[EventDate "2006.11.22"]
[EventType "swiss"]
[EventRounds "9"]
[EventCountry "ESP"]
[Source "lmi"]
[SourceDate "2006.11.22"]

1. e4 e6 2. Qe2 Be7 3. f4 d5 4. e5 b6 5. Nf3 c5 6. d3 Nc6 7. c3 Qd7 8. g3 h5 9.
Bg2 Bb7 10. Na3 Nh6 11. Nc2 g6 12. Ng5 Nf5 13. O-O d4 14. c4 Bxg5 15. fxg5 Nce7
16. Bf4 O-O-O 17. b4 Bxg2 18. Qxg2 Qc6 19. bxc5 Qxg2+ 20. Kxg2 bxc5 21. Rab1
Kd7 22. Rb7+ Kc6 23. Rfb1 Rd7 24. R7b5 Rc8 25. Kf3 Rcc7 26. h3 Rb7 27. g4 Ng7
28. Na3 a6 29. Rxb7 Rxb7 30. Rxb7 Kxb7 31. Nb1 Nc6 32. a3 hxg4+ 33. hxg4 a5 34.
Nd2 Ne8 35. Ne4 Kb6 36. Bg3 Nb8 37. Be1 Nc6 38. Kf4 a4 39. Bd2 Nd8 40. Nf6 Nxf6
41. gxf6 Nc6 42. Ke4 Kc7 43. Be1 Kb6 44. Bd2 Kc7 45. Be1 Kd7 46. Bf2 Ke8 47.
Be1 Kd7 1/2-1/2